| 000 | 00557nam a22001817a 4500 | ||
|---|---|---|---|
| 999 |
_c3659 _d3659 |
||
| 003 | GBCCL | ||
| 005 | 20241126110459.0 | ||
| 008 | 171130b xxu||||| |||| 00| 0 eng d | ||
| 040 | _cgbc | ||
| 082 |
_aVER 224.407 _bKHA |
||
| 100 |
_aKhamkholun, L. _97255 |
||
| 245 |
_aJawlnei Ezekiel Laibu: _bBung 25-48 / _cL. Khamkholun |
||
| 260 |
_aNew Lamka: _bEvangelical Baptist Convention, _c2008 |
||
| 300 |
_a317p.; _bill., _c20 cm. |
||
| 440 |
_aSaptuam' Laisiangthou Hilhchetna _97247 |
||
| 650 |
_aBible _vOld Testament _xEzekiel Commentary _97260 |
||
| 942 |
_2ddc _cBK |
||